000 00411nam a22000977a 4500
008 150730b xxu||||| |||| 00| 0 eng d
010 _8HCCRS ARF:040
245 _aHIGH COURT CRIMINAL SESSION NO.300 OF 1991 Uganda Vs 1.NO.RA.14103 CPL.Katalenga Samuel 2.Sedulaka Musabuli s/o James Muhindo 3.John Kasebumba s/o Zakayo Sipendire
260 _aHigh Court Kampala
500 _3BEFORE:The Honourable Mr.Justice I.Mukanza
999 _c8345
_d8345